Città anagrammate #2 - Statistics

Statistiche generali
  • Questo quiz è stato fatto 92 volte
  • Il punteggio medio è 13 su 20
Statistiche sulle risposte
Hint Risposta % Corretto
IQUALLA L'Aquila
93%
OIRGOV Rovigo
90%
ZOALBNO Bolzano
88%
NSOAVA Savona
86%
RRFAERA Ferrara
80%
EASATCR Caserta
78%
EOONENDPR Pordenone
78%
TIOREVB Viterbo
77%
STEERIT Trieste
74%
OAGRZII Gorizia
71%
SAINEMS Messina
68%
ODONSRI Sondrio
67%
EAACRMAT Macerata
61%
OTPIIAS Pistoia
57%
NSAIERALDSA Alessandria
54%
ORLSNAE Salerno
51%
PNRTIAA Trapani
46%
ERSOPA Pesaro
43%
LALEONIV Avellino
39%
SINAEIR Isernia
38%
Nessun quiz corrispondente trovato
Distribuzione punteggi
Percentuale di utenti per punteggio
Percentile per numero di risposta
I tuoi punteggi nel tempo
Non hai fatto questo quiz